Headquarters of U.N. Specialized Agencies - Statistics

General Stats
  • This quiz has been taken 24 times
  • The average score is 11 of 15
Answer Stats
Abbr. Specialized Agency Headquarters % Correct
ILO International Labour Organization Geneva
96%
ITU International Telecommunication Union Geneva
96%
WHO World Health Organization Geneva
96%
WIPO World Intellectual Property Organization Geneva
96%
WMO World Meteorological Organization Geneva
96%
UNESCO United Nations Educational, Scientific and Cultural Organization Paris
91%
IMF International Monetary Fund Washington, D.C.
78%
WBG World Bank Group Washington, D.C.
78%
FAO Food and Agriculture Organization Rome
74%
IFAD International Fund for Agricultural Development Rome
74%
IMO International Maritime Organization London
70%
UNIDO United Nations Industrial Development Organization Vienna
57%
UPU Universal Postal Union Bern
43%
/ UN Tourism Madrid
43%
ICAO International Civil Aviation Organization Montréal
43%
No matching quizzes found
Score Distribution
Percent of People with Each Score
Percentile by Number Answered
Your Score History
You have not taken this quiz